Zara Larsson - Albums par photos - Statistiques

Statistiques générales
  • Ce quiz a été pris 7 fois
  • Le résultat moyen est 5 sur 9
Statistiques - réponses
Par images Réponse % Correct
Midnight Sun
100%
1
80%
Poster Girl
80%
So Good
80%
Venus
80%
Uncover
60%
Honor The Light
40%
Introducing
20%
Allow Me to Reintroduce Myself
0%
Aucun quiz correspondant
Distribution des résultats
% des personnes avec chaque résultat
Percentile par nombre de réponses
Votre historique - résultats
Vous n’avez pas pris ce quiz